00346 a2200109 4500001001000000005001700010008004100027245005700068100002100125773007300146999001700219ART_4360320260410162024.0260409a 10aPerceptions of equity and the distribution of income1 aRotemberg, Julio0 tJournal of labor economicsg- Vol. 20, NÂș 2/1 (abr. 2002)wREV43438 c33423d33423